| 000 | 00548nam a2200253Ia 4500 | ||
|---|---|---|---|
| 005 | 20260401122448.0 | ||
| 008 | 008 250103s9999 xx 000 0 eng d | ||
| 037 | _aTB | ||
| 040 | _aEDL | ||
| 040 | _beng | ||
| 040 | _cEDL | ||
| 041 | _2eng | ||
| 041 | _aeng | ||
| 084 | _a853.914GOL | ||
| 084 | _qEDL | ||
| 245 | 4 | _aThe complete works of Primo Levi | |
| 260 | _aNew York | ||
| 260 | _bLiveright, Norton | ||
| 300 | _a749-1863p | ||
| 942 | _cTB | ||
| 942 | _h853.914GOL | ||
| 999 |
_c1847440 _d1847440 |
||